La imagen urbana, Mx̌ico en el siglo XXI Entre la crisis y la transicin̤ urbana /

Detalles Bibliográficos
Autor principal: Linares Zarco, Jaime
Formato: eBook
Lenguaje:español
Publicado: Ciudad de Mx̌ico: Cm̀ara de Diputados, 2009
Materias:
Acceso en línea:Acceso restringido

MARC

LEADER 00000nam a22000007a 4500
005 20171211173436.0
007 cr|||| ||||
008 171211s2009 mx |||||s|||| 00||0 spa d
020 |a 978-607-401-129-6 
035 |a 20859 
040 |a vLex 
090 |c 7287  |d 7287 
100 1 |a Linares Zarco, Jaime 
245 1 3 |a La imagen urbana, Mx̌ico en el siglo XXI  |h [Recurso electrn̤ico] :  |b Entre la crisis y la transicin̤ urbana /  |c Jaime Linares Zarco 
256 |a Servicio en ln̕ea 
260 |a Ciudad de Mx̌ico:  |b Cm̀ara de Diputados,  |c 2009 
300 |a 1 recurso electrn̤ico 
500 |a El presente libro hace un anl̀isis socioeconm̤ico de la imagen urbana, tema poco estudiado debido a su carc̀ter multidisciplinario. Bajo esta p̤tica el autor escudrią el vertiginoso proceso de transformacin̤ que han presentado algunas ciudades en las l︢timas dčadas, y que responden a una lg̤ica y modelo de desarrollo capitalistas, que al evolucionar y reproducirse, han generado cambios profundos en la ocupacin̤ del espacio y de la imagen urbana. Al interior del estudio, el autor propone articular una nueva propuesta metodolg̤ica que permita conocer los procesos de urbanizacin̤, integrando adems̀ de los aspectos fs̕icos de carc̀ter topogrf̀ico y arquitectn̤ico, como tradicionalmente se ha hecho, tambiň los de carc̀ter econm̤ico, social, cultural, demogrf̀ico y ecolg̤ico, que permitan discernir la naturaleza del rostro de las urbes capitalistas, cada vez ms̀ complejas y dinm̀icas. Para la aplicacin̤ de esta propuesta metodolg̤ica tom ̤como muestra de estudio a los ocho municipios conurbados del oriente de la Zona Metropolitana de la Ciudad de Mx̌ico, como: Chalco, Chicoloapan, Chimalhuacǹ, Ixtapaluca, La Paz, Nezahualcy̤otl, Texcoco y el Valle de Chalco, todos ellos diferenciados en su composicin̤, en sus costumbres, el uso de vertientes, y referencias que permiten reconocer la riqueza integral de la imagen urbana hoy en da̕. Jaime Linares Zarco obtuvo la licenciatura en economa̕ en la fes Aragn̤, los grados de maestro en urbanismo, por la Facultad de Arquitectura, y en economa̕ de los negocios, por el itesm; y el grado de doctor en historia del arte por la Universidad Autn̤oma del Estado de Morelos (uaem). Sus ln̕eas de investigacin̤ son: antecedentes y evolucin̤ de los procesos urbanos; as ̕como el anl̀isis del desarrollo regional. Actualmente es profesor-investigador en la fes Aragn̤. Ha sido ponente en diferentes encuentros multidisciplinarios de investigacin̤. 
506 1 |a Disponible solo en los productos indicados  |d vLex Global  |d vLex Global (Academic Edition, excluding Law Schools)  |d vLex Global (U.S. Academic Edition, Law Schools)  |d vLex Global (U.S. Academic Edition, excluding Law Schools)  |d vLex Global (Academic Edition, Law Schools) 
650 0 4 |a Derecho Pb︢lico  |z Mx̌ico 
650 0 4 |a Derecho Administrativo  |z Mx̌ico 
740 0 |a vLex Libros (Servicio en ln̕ea) 
856 4 0 |u http://vlex.com/source/imagen-urbana-mexico-en-el-siglo-xxi-entre-la-crisis-y-la-transicion-urbana-20859  |z Acceso restringido 
942 |c BOOK 
999 0 |a Public law 
999 0 |a Administrative law